<?xml version="1.0" encoding="UTF-8"?>
<collection xmlns="http://www.loc.gov/MARC21/slim">
 <record>
  <leader>00549cam a2200145 7i4500</leader>
  <controlfield tag="001">0000053938</controlfield>
  <controlfield tag="005">20111219090000.0</controlfield>
  <controlfield tag="008">110110</controlfield>
  <datafield tag="090" ind1="0" ind2="0">
   <subfield code="a">LT MY SKMM </subfield>
  </datafield>
  <datafield tag="110" ind1="1" ind2="0">
   <subfield code="a">Suruhanjaya Komunikasi dan Multimedia Malaysia</subfield>
  </datafield>
  <datafield tag="245" ind1="1" ind2="0">
   <subfield code="a">Laporan tahunan  </subfield>
   <subfield code="c">Suruhanjaya Komunikasi dan Multimedia Malaysia.</subfield>
  </datafield>
  <datafield tag="260" ind1="0" ind2="0">
   <subfield code="a">Selangor: </subfield>
   <subfield code="b">Suruhanjaya Komunikasi dan Multimedia Malaysia, </subfield>
   <subfield code="c">2009.</subfield>
  </datafield>
  <datafield tag="300" ind1=" " ind2=" ">
   <subfield code="a">v.: </subfield>
   <subfield code="b">ill.; </subfield>
   <subfield code="c">30 cm..</subfield>
  </datafield>
  <datafield tag="999" ind1=" " ind2=" ">
   <subfield code="a">1100048583</subfield>
   <subfield code="b">Jurnal</subfield>
   <subfield code="c">Laporan Tahunan</subfield>
   <subfield code="e">KOLEKSI TERBITAN BERSIRI</subfield>
  </datafield>
  <datafield tag="999" ind1=" " ind2=" ">
   <subfield code="a">1100048582</subfield>
   <subfield code="b">Jurnal</subfield>
   <subfield code="c">Laporan Tahunan</subfield>
   <subfield code="e">KOLEKSI TERBITAN BERSIRI</subfield>
  </datafield>
 </record>
</collection>
